000 00573nam a2200205Ia 4500
003 GCL
008 140319s9999 xx 000 0 ara d
040 _aGCL /
_cGCL
082 0 4 _aد
_b050
_bد م
100 1 _aدار الهلال
245 1 0 _aميكى جيب /
_cدار الهلال
260 _a[S.N] :
_bدار الهلال للطباعة والنشر
300 _a193
490 _aالف كتاب وكتاب
_v0
650 0 4 _aالادب
650 0 4 _aالقصص
650 0 4 _aقصص الاطفال
650 0 4 _aالقصص المصورة
942 _2ddc
_cCF
999 _c27003
_d27003